<?xml version="1.0" encoding="UTF-8"?>
<record
    xmlns:xsi="http://www.w3.org/2001/XMLSchema-instance"
    xsi:schemaLocation="http://www.loc.gov/MARC21/slim http://www.loc.gov/standards/marcxml/schema/MARC21slim.xsd"
    xmlns="http://www.loc.gov/MARC21/slim">

  <leader>01839nam0a2200349   4500</leader>
  <controlfield tag="001">RU\NLR\BIBL_A\011267914</controlfield>
  <controlfield tag="005">20260408202817.0</controlfield>
  <datafield tag="035" ind1=" " ind2=" ">
    <subfield code="a">(NLR Aleph) 011267914</subfield>
  </datafield>
  <datafield tag="090" ind1=" " ind2=" ">
    <subfield code="a">10805805</subfield>
    <subfield code="c">10805805</subfield>
  </datafield>
  <datafield tag="100" ind1=" " ind2=" ">
    <subfield code="a">20161111d1903    |||y0rusy50      ca</subfield>
  </datafield>
  <datafield tag="101" ind1="0" ind2=" ">
    <subfield code="a">rus</subfield>
  </datafield>
  <datafield tag="102" ind1=" " ind2=" ">
    <subfield code="a">RU</subfield>
  </datafield>
  <datafield tag="105" ind1=" " ind2=" ">
    <subfield code="a">y|||i||||||z|</subfield>
  </datafield>
  <datafield tag="135" ind1=" " ind2=" ">
    <subfield code="a">crmn mmmapaba</subfield>
  </datafield>
  <datafield tag="200" ind1="1" ind2=" ">
    <subfield code="a">&#x421;&#x43F;&#x438;&#x441;&#x43E;&#x43A; &#x43D;&#x430;&#x441;&#x435;&#x43B;&#x435;&#x43D;&#x43D;&#x44B;&#x445; &#x43C;&#x435;&#x441;&#x442; &#x417;&#x430;&#x431;&#x430;&#x439;&#x43A;&#x430;&#x43B;&#x44C;&#x441;&#x43A;&#x43E;&#x439; &#x43E;&#x431;&#x43B;&#x430;&#x441;&#x442;&#x438; &#x43A; 1 &#x44F;&#x43D;&#x432;&#x430;&#x440;&#x44F; 1902 &#x433;&#x43E;&#x434;&#x430;. (&#x411;&#x435;&#x437; &#x433;&#x43E;&#x440;&#x43E;&#x434;&#x43E;&#x432;). &#x423;&#x435;&#x437;&#x434;&#x44B;: &#x410;&#x43A;&#x448;&#x438;&#x43D;&#x441;&#x43A;&#x438;&#x439;, &#x412;&#x435;&#x440;&#x445;&#x43D;&#x435;&#x443;&#x434;&#x438;&#x43D;&#x441;&#x43A;&#x438;&#x439;, &#x41D;&#x435;&#x440;&#x447;&#x438;&#x43D;&#x441;&#x43A;&#x438;&#x439;, &#x41D;&#x435;&#x440;&#x447;&#x438;&#x43D;&#x441;&#x43A;&#x43E;-&#x417;&#x430;&#x432;&#x43E;&#x434;&#x441;&#x43A;&#x438;&#x439;, &#x421;&#x435;&#x43B;&#x435;&#x43D;&#x433;&#x438;&#x43D;&#x441;&#x43A;&#x438;&#x439; &#x438; &#x427;&#x438;&#x442;&#x438;&#x43D;&#x441;&#x43A;&#x438;&#x439;</subfield>
  </datafield>
  <datafield tag="210" ind1=" " ind2=" ">
    <subfield code="a">[&#x427;&#x438;&#x442;&#x430;]</subfield>
    <subfield code="c">&#x417;&#x430;&#x431;&#x430;&#x439;&#x43A;&#x430;&#x43B;&#x44C;&#x441;&#x43A;. &#x43E;&#x431;&#x43B;. &#x441;&#x442;&#x430;&#x442;. &#x43A;&#x43E;&#x43C;.</subfield>
    <subfield code="d">1903</subfield>
  </datafield>
  <datafield tag="215" ind1=" " ind2=" ">
    <subfield code="a">209 &#x441;. &#x440;&#x430;&#x437;&#x434;. &#x43F;&#x430;&#x433;.</subfield>
    <subfield code="d">33</subfield>
  </datafield>
  <datafield tag="325" ind1="1" ind2=" ">
    <subfield code="a">&#x41A;&#x43E;&#x43F;&#x438;&#x44F; &#x434;&#x43E;&#x441;&#x442;&#x443;&#x43F;&#x43D;&#x430; &#x432; &#x42D;&#x43B;&#x435;&#x43A;&#x442;&#x440;&#x43E;&#x43D;. &#x431;-&#x43A;&#x435; &#x420;&#x41D;&#x411;</subfield>
  </datafield>
  <datafield tag="517" ind1="1" ind2=" ">
    <subfield code="a">&#x423;&#x435;&#x437;&#x434;&#x44B;: &#x410;&#x43A;&#x448;&#x438;&#x43D;&#x441;&#x43A;&#x438;&#x439;, &#x412;&#x435;&#x440;&#x445;&#x43D;&#x435;&#x443;&#x434;&#x438;&#x43D;&#x441;&#x43A;&#x438;&#x439;, &#x41D;&#x435;&#x440;&#x447;&#x438;&#x43D;&#x441;&#x43A;&#x438;&#x439;, &#x41D;&#x435;&#x440;&#x447;&#x438;&#x43D;&#x441;&#x43A;&#x43E;-&#x417;&#x430;&#x432;&#x43E;&#x434;&#x441;&#x43A;&#x438;&#x439;, &#x421;&#x435;&#x43B;&#x435;&#x43D;&#x433;&#x438;&#x43D;&#x441;&#x43A;&#x438;&#x439; &#x438; &#x427;&#x438;&#x442;&#x438;&#x43D;&#x441;&#x43A;&#x438;&#x439;</subfield>
  </datafield>
  <datafield tag="606" ind1=" " ind2=" ">
    <subfield code="a">&#x41D;&#x430;&#x441;&#x435;&#x43B;&#x435;&#x43D;&#x43D;&#x44B;&#x435; &#x43C;&#x435;&#x441;&#x442;&#x430;</subfield>
    <subfield code="y">&#x417;&#x430;&#x431;&#x430;&#x439;&#x43A;&#x430;&#x43B;&#x44C;&#x441;&#x43A;&#x430;&#x44F; &#x43E;&#x431;&#x43B;&#x430;&#x441;&#x442;&#x44C;</subfield>
    <subfield code="3">RU\NLR\AUTH\661516025</subfield>
    <subfield code="9">2562990</subfield>
  </datafield>
  <datafield tag="686" ind1="1" ind2=" ">
    <subfield code="a">&#x423;04(28)25</subfield>
  </datafield>
  <datafield tag="686" ind1=" " ind2=" ">
    <subfield code="a">&#x422;3(2&#x420;54)5-22</subfield>
  </datafield>
  <datafield tag="712" ind1="0" ind2="2">
    <subfield code="4">570</subfield>
    <subfield code="a">&#x417;&#x430;&#x431;&#x430;&#x439;&#x43A;&#x430;&#x43B;&#x44C;&#x441;&#x43A;&#x438;&#x439; &#x43E;&#x431;&#x43B;&#x430;&#x441;&#x442;&#x43D;&#x43E;&#x439; &#x441;&#x442;&#x430;&#x442;&#x438;&#x441;&#x442;&#x438;&#x447;&#x435;&#x441;&#x43A;&#x438;&#x439; &#x43A;&#x43E;&#x43C;&#x438;&#x442;&#x435;&#x442;</subfield>
    <subfield code="9">536690</subfield>
    <subfield code="3">RU\NLR\AUTH\880436180</subfield>
  </datafield>
  <datafield tag="852" ind1=" " ind2=" ">
    <subfield code="a">NLR</subfield>
    <subfield code="j">18.62.1.7</subfield>
  </datafield>
  <datafield tag="901" ind1=" " ind2=" ">
    <subfield code="e">&#x41A;&#x43D;&#x438;&#x436;&#x43D;&#x44B;&#x435; &#x438;&#x437;&#x434;&#x430;&#x43D;&#x438;&#x44F;</subfield>
  </datafield>
  <datafield tag="942" ind1=" " ind2=" ">
    <subfield code="c">BOOK</subfield>
  </datafield>
  <datafield tag="980" ind1=" " ind2=" ">
    <subfield code="a">NB</subfield>
  </datafield>
  <datafield tag="981" ind1="2" ind2="2">
    <subfield code="a">(22) &#x41C;&#x430;&#x442;&#x435;&#x440;&#x438;&#x430;&#x43B;&#x44B; &#x43F;&#x43E; &#x438;&#x441;&#x442;&#x43E;&#x440;&#x438;&#x438; &#x420;&#x43E;&#x441;&#x441;&#x438;&#x438;</subfield>
    <subfield code="b">(22) &#x41D;&#x430;&#x441;&#x435;&#x43B;&#x435;&#x43D;&#x43D;&#x44B;&#x435; &#x43C;&#x435;&#x441;&#x442;&#x430; &#x420;&#x43E;&#x441;&#x441;&#x438;&#x439;&#x441;&#x43A;&#x43E;&#x439; &#x418;&#x43C;&#x43F;&#x435;&#x440;&#x438;&#x438;</subfield>
  </datafield>
</record>
